000 00301 a2200109 4500
001 ART_11159
005 20260410161855.0
008 260409a
245 1 0 _aDos sistemas de vida
100 1 _aAnderson, Robert G.
773 0 _tRevista de Economía
_g- Nº 35 (dic. 1982)
_wREV11077
999 _c25368
_d25368